000 00610nam a2200193Ia 4500
005 20251206113340.0
008 191130s2007##################000#0#eng##
020 _a084933991X
082 _a 617.51
_bBAR
100 _aJames N. Baraniuk, Dennis Shusterman
245 _aNonallergic rhinitis
_c[edited by] James N. Baraniuk, Dennis Shusterman
260 _aNew York
_bInforma Healthcare
_cc2007
300 _axviii, 481 p. : ill. ; 24 cm
500 _aIncludes bibliographical references and index
650 _aRhinitis
700 _aBaraniuk, James N
700 _aShusterman, Dennis
942 _cENGLISH
999 _c22996
_d22996